000
00330nam a2200133Ia 4500
008
140316s9999 xx 000 0 und d
082
_a
413
_b
SUR/MA.1
100
_a
245
_a
Malayalam lexicon . V . 1
260
_a
_b
The university of Kerala
_c
1965
300
_a
902
700
_a
Surenand Kunjan pillai
942
_2
ddc
_c
REF
999
_c
18635
_d
18635